Open Data Biblioteca Nacional de Portugal


República Portuguesa: Ministério da Cultura
Biblioteca Nacional de Portugal

Catálogo da BNP: acesso por Identificadores Unívocos
Registos Bibliográficos associados ao registo de autoridade

Etiqueta de registo: 00254nam 2200025 450
001 2121283
003 http://id.bnportugal.gov.pt/bib/catbnp/2121283
010 ## $a978-989-9068-50-6
021 ## $aPT$b502896/22
100 ## $a20230123d2022 c y0pory01030103ba
101 0# $apor
102 ## $aPT
105 ## $aa z 000fy
106 ## $ar
200 1# $aTito ao teto$fAndré Oliveira$gil. Catarina Paulo
205 ## $a1ª ed
210 #9 $a[S.l.]$cAlfarroba,$d2022
215 ## $a[26] p.$cil.$d22 cm
225 2# $aInfantil
675 ## $a087.5$vBN$zpor$3287999
675 ## $a741(=1:469)"20"$vBN$zpor$31483725
675 ## $a821.134.3-9"20"$vBN$zpor$31095958
700 #1 $aOliveira,$bAndré,$f1982-$31006631
702 #1 $aPaulo,$bCatarina,$f1987-$4440$31870235
801 #0 $aPT$bBN$gRPC
856 41 $uhttp://rnod.bnportugal.gov.pt/ImagesBN/winlibimg.aspx?skey=&doc=2121283&img=173740&save=true
900 ## $aBIBNAC$d20230223
966 ## $lBN$mFGMON$sP. 61906 V.$x1
966 ## $lBN$mFGMON$sP. 61906 V.-D$x1
971 ## $cfatima$d20230123
972 ## $e0$z0$d20230223$vasantos
973 ## $cigoulao$d20230125

Etiqueta de registo: 00254nam 2200025 450
001 2204350
003 http://id.bnportugal.gov.pt/bib/catbnp/2204350
010 ## $a978-989-9068-80-3
021 ## $aPT$b515072/23
100 ## $a20250205d2023 c y0pory01030103ba
101 0# $apor
102 ## $aPT
105 ## $aa z 000fy
106 ## $ar
200 1# $a As interrogações do senhor ponto e vírgula$fVitória Alves$gil. Catarina Paulo
205 ## $a1ª ed
210 #9 $a[S.l.]$cAlfarroba,$d2023
215 ## $a[28] p.$c il.$d22 cm
675 ## $a087.5$vBN$zpor$3287999
675 ## $a821.134.3-93"20"$vBN$zpor$31046482
700 #1 $aAlves,$bVitória$31803445
701 #1 $aPaulo,$bCatarina,$f1987-$4440$31870235
801 #0 $aPT$bBN$gRPC
856 41 $uhttp://rnod.bnportugal.gov.pt/ImagesBN/winlibimg.aspx?skey=&doc=2204350&img=204290&save=true
900 ## $aBIBNAC$d20250227
966 ## $lBN$mFGMON$sP. 69019 V.$x1
966 ## $lBN$mFGMON$sP. 69019 V.-D$x1
971 ## $cabrito$d20250205
972 ## $d20250227$e0$vlrevez$z0
973 ## $ctrodrigues$d20250210

Etiqueta de registo: 00000nam 2200025 450
001 2283872
003 http://id.bnportugal.gov.pt/bib/catbnp/2283872
010 ## $a978-989-38-1054-5
021 ## $aPT$b559801/26
100 ## $a20260408d2026 m y0pory01030103ba
101 0# $apor
102 ## $aPT
105 ## $ay z 000gy
106 ## $ar
200 1# $aDias vadios$fCatarina Paulo
210 #9 $aLisboa$cPoesia Impossível,$d2026
215 ## $a46, [6] p.$d23 cm
675 ## $a821.134.3-1"20"$vBN$zpor$31023893
700 #1 $aPaulo,$bCatarina,$f1987-$31870235
801 #0 $aPT$bBN$gRPC
856 41 $uhttp://rnod.bnportugal.gov.pt/ImagesBN/winlibimg.aspx?skey=&doc=2283872&img=221490&save=true
900 ## $aBIBNAC$d20260430
966 ## $lBN$mFGMON$sL. 181430 V.$x1
966 ## $lBN$mFGMON$sL. 181430 V.-D$x1
971 ## $corlando$d20260408
972 ## $e0$z0$d20260430$vlrevez
973 ## $ctrodrigues$d20260420

Etiqueta de registo: 00254nam 2200025 450
001 2285772
003 http://id.bnportugal.gov.pt/bib/catbnp/2285772
010 ## $a978-989-9197-70-1
021 ## $aPT$b559400/26
100 ## $a20260505d2026 a y0pory01030103ba
101 0# $apor
102 ## $aPT
105 ## $aa z 000yy
106 ## $ar
200 1# $a Os livros que habitamos$fCatarina Paulo
205 ## $a1ª ed
210 #9 $a[S.l.]$cAlfarroba,$d2026
215 ## $a[27] p.$cil.$d18 cm
700 #1 $aPaulo,$bCatarina,$f1987-$31870235
801 #0 $aPT$bBN$gRPC
966 ## $lBN$mFGMON$x1
966 ## $lBN$mFGMON$x1
971 ## $cssilva$d20260505

OpendataBNP@bnportugal.pt | Mais informação sobre acesso aos dados BNP